[Event "25th 4NCL Congress"]
[Site "Leamington Spa, United Kingdom"]
[Date "2021.07.11"]
[Round "5.12"]
[White "Gogia, Armaan"]
[Black "Chan, Sheng Liang Bernard"]
[Result "0-1"]
[TimeControl "All moves in 90 minutes + 30 seconds per move"]
[WhiteElo "1891"]
[BlackElo "1852"]

1. e4 {[%clk 01:30:59]} {[%emt 00:05:22]} c5 {[%clk 01:30:55]} {[%emt
00:00:06]} 2. Nf3 {[%clk 01:31:24]} {[%emt 00:00:05]} d6 {[%clk 01:31:14]}
{[%emt 00:00:11]} 3. c4 {[%clk 01:31:46]} {[%emt 00:00:09]} Nf6 {[%clk
01:30:55]} {[%emt 00:00:48]} 4. Nc3 {[%clk 01:32:12]} {[%emt 00:00:05]} Nc6
{[%clk 01:30:17]} {[%emt 00:01:08]} 5. d4 {[%clk 01:32:36]} {[%emt 00:00:06]}
cxd4 {[%clk 01:30:44]} {[%emt 00:00:04]} 6. Nxd4 {[%emt 00:00:08]} g6 {[%clk
01:29:10]} {[%emt 00:02:01]} 7. Be3 {[%clk 01:32:56]} {[%emt 00:00:33]} Bg7
{[%clk 01:29:23]} {[%emt 00:00:17]} 8. f3 {[%clk 01:33:21]} {[%emt 00:00:04]}
Bd7 {[%clk 01:27:56]} {[%emt 00:01:57]} 9. Qd2 {[%clk 01:33:43]} {[%emt
00:00:08]} Rc8 {[%clk 01:27:42]} {[%emt 00:00:46]} 10. Rc1 {[%clk 01:32:36]}
{[%emt 00:01:36]} a6 {[%clk 01:25:02]} {[%emt 00:03:12]} 11. Be2 {[%clk
01:32:25]} {[%emt 00:00:39]} O-O {[%clk 01:23:20]} {[%emt 00:02:12]} 12. b3
{[%clk 01:30:25]} {[%emt 00:02:30]} Nxd4 {[%clk 01:21:58]} {[%emt 00:01:53]} 13.
Bxd4 {[%clk 01:30:28]} {[%emt 00:00:26]} Bc6 {[%clk 01:21:51]} {[%emt
00:00:37]} 14. O-O {[%clk 01:30:44]} {[%emt 00:00:14]} Nh5 {[%clk 01:15:18]}
{[%emt 00:07:03]} 15. f4 {[%clk 01:26:25]} {[%emt 00:04:48]} Bxd4+ {[%clk
01:14:13]} {[%emt 00:01:35]} 16. Qxd4 {[%clk 01:26:48]} {[%emt 00:00:06]} Nxf4
{[%clk 01:14:20]} {[%emt 00:00:23]} 17. Bg4 {[%clk 01:23:20]} {[%emt 00:03:58]}
e5 {[%clk 01:11:30]} {[%emt 00:03:20]} 18. Qd2 {[%clk 01:20:59]} {[%emt
00:02:51]} Qg5 {[%clk 00:52:10]} {[%emt 00:19:51]} 19. Qd1 {[%clk 01:16:30]}
{[%emt 00:04:57]} Nxg2 {[%clk 00:49:16]} {[%emt 00:03:24]} 20. Kxg2 {[%clk
01:13:26]} {[%emt 00:03:34]} f5 {[%clk 00:49:07]} {[%emt 00:00:39]} 21. h4
{[%clk 01:12:44]} {[%emt 00:01:13]} Qxg4+ {[%clk 00:45:34]} {[%emt 00:04:03]}
22. Qxg4 {[%clk 01:13:09]} {[%emt 00:00:05]} fxg4 {[%clk 00:46:00]} {[%emt
00:00:05]} 23. Nd5 {[%clk 01:04:33]} {[%emt 00:09:06]} Bxd5 {[%clk 00:43:38]}
{[%emt 00:02:52]} 24. cxd5 {[%clk 01:04:52]} {[%emt 00:00:12]} Kg7 {[%clk
00:35:58]} {[%emt 00:08:10]} 25. Kg3 {[%clk 00:50:23]} {[%emt 00:14:58]} h5
{[%clk 00:36:07]} {[%emt 00:00:21]} 26. Kg2 {[%clk 00:48:06]} {[%emt 00:02:48]}
b5 {[%clk 00:23:27]} {[%emt 00:13:10]} 27. Rxf8 {[%clk 00:34:35]} {[%emt
00:14:01]} Rxc1 {[%clk 00:23:51]} {[%emt 00:00:06]} 28. Rd8 {[%clk 00:35:01]}
{[%emt 00:00:03]} Rc2+ {[%clk 00:23:58]} {[%emt 00:00:25]} 29. Kg1 {[%clk
00:32:14]} {[%emt 00:03:16]} Rxa2 {[%clk 00:22:51]} {[%emt 00:01:37]} 30. Rxd6
{[%clk 00:25:34]} {[%emt 00:07:10]} a5 {[%clk 00:22:46]} {[%emt 00:00:35]} 31.
Rb6 {[%clk 00:20:57]} {[%emt 00:05:06]} b4 {[%clk 00:22:08]} {[%emt 00:01:08]}
32. Rb7+ {[%clk 00:12:58]} {[%emt 00:08:30]} Kf8 {[%clk 00:22:17]} {[%emt
00:00:21]} 33. Rb8+ {[%clk 00:12:58]} {[%emt 00:00:29]} Ke7 {[%clk 00:22:26]}
{[%emt 00:00:21]} 34. Rb6 {[%clk 00:12:10]} {[%emt 00:01:17]} Kd7 {[%clk
00:22:05]} {[%emt 00:00:52]} 35. Rxg6 {[%clk 00:12:10]} {[%emt 00:00:30]} a4
{[%clk 00:22:18]} {[%emt 00:01:09]} 0-1

[Event "25th 4NCL Congress"]
[Site "Leamington Spa, United Kingdom"]
[Date "2021.07.11"]
[Round "5.13"]
[White "Munshi, Aditya"]
[Black "Adams, Mark A"]
[Result "1-0"]
[TimeControl "All moves in 90 minutes + 30 seconds per move"]
[WhiteElo "2069"]
[BlackElo "1944"]

1. e4 {[%clk 01:26:17]} {[%emt 00:04:42]} c5 {[%clk 01:30:54]} {[%emt
00:00:06]} 2. Nf3 {[%clk 01:26:38]} {[%emt 00:00:11]} a6 {[%clk 01:31:19]}
{[%emt 00:00:04]} 3. c3 {[%clk 01:27:05]} {[%emt 00:00:04]} e6 {[%clk
01:31:43]} {[%emt 00:00:04]} 4. d4 {[%clk 01:27:32]} {[%emt 00:00:04]} d5
{[%clk 01:32:05]} {[%emt 00:00:06]} 5. e5 {[%clk 01:28:00]} {[%emt 00:00:03]}
Be7 {[%clk 01:30:37]} {[%emt 00:01:57]} 6. Bd3 {[%clk 01:27:44]} {[%emt
00:00:46]} Nc6 {[%clk 01:30:05]} {[%emt 00:01:02]} 7. O-O {[%clk 01:27:12]}
{[%emt 00:01:02]} h5 {[%clk 01:30:30]} {[%emt 00:00:05]} 8. dxc5 {[%clk
01:26:41]} {[%emt 00:01:01]} Bxc5 {[%clk 01:30:37]} {[%emt 00:00:22]} 9. Nbd2
{[%clk 01:25:56]} {[%emt 00:01:17]} Qc7 {[%clk 01:24:43]} {[%emt 00:06:23]} 10.
Nb3 {[%clk 01:25:40]} {[%emt 00:00:46]} Ba7 {[%clk 01:21:33]} {[%emt 00:03:41]}
11. Qe2 {[%clk 01:25:21]} {[%emt 00:00:47]} Bd7 {[%clk 01:10:39]} {[%emt
00:11:25]} 12. Nbd4 {[%clk 01:20:46]} {[%emt 00:05:05]} Nge7 {[%clk 01:08:38]}
{[%emt 00:02:32]} 13. Bd2 {[%clk 01:16:53]} {[%emt 00:04:23]} O-O-O {[%clk
00:56:27]} {[%emt 00:12:40]} 14. b4 {[%clk 01:14:43]} {[%emt 00:02:42]} Nxd4
{[%clk 00:52:20]} {[%emt 00:04:35]} 15. cxd4 {[%clk 01:14:42]} {[%emt
00:00:31]} Kb8 {[%clk 00:46:45]} {[%emt 00:06:05]} 16. Rfc1 {[%clk 01:09:56]}
{[%emt 00:05:15]} Nc6 {[%clk 00:39:22]} {[%emt 00:07:53]} 17. a4 {[%clk
01:09:44]} {[%emt 00:00:43]} Qb6 {[%clk 00:39:27]} {[%emt 00:00:26]} 18. a5
{[%clk 00:57:15]} {[%emt 00:12:58]} Qc7 {[%clk 00:39:29]} {[%emt 00:00:28]} 19.
b5 {[%clk 00:49:28]} {[%emt 00:08:17]} axb5 {[%clk 00:39:51]} {[%emt 00:00:10]}
20. Bxb5 {[%clk 00:44:55]} {[%emt 00:05:01]} Rc8 {[%clk 00:36:52]} {[%emt
00:03:31]} 21. a6 {[%clk 00:36:21]} {[%emt 00:09:03]} b6 {[%clk 00:29:54]}
{[%emt 00:07:27]} 22. Rc2 {[%clk 00:17:36]} {[%emt 00:19:17]} Qd8 {[%clk
00:28:52]} {[%emt 00:01:31]} 23. Rac1 {[%clk 00:11:48]} {[%emt 00:06:16]} Qe8
{[%clk 00:27:30]} {[%emt 00:01:52]} 24. Rb2 {[%clk 00:01:15]} {[%emt 00:11:04]}
Ka8 {[%clk 00:25:13]} {[%emt 00:02:46]} 25. h3 {[%clk 00:01:12]} {[%emt
00:00:33]} f6 {[%clk 00:15:54]} {[%emt 00:09:49]} 26. Rbc2 {[%clk 00:00:33]}
{[%emt 00:01:09]} Ne7 {[%clk 00:12:30]} {[%emt 00:03:53]} 27. Rxc8+ {[%clk
00:00:42]} {[%emt 00:00:21]} Nxc8 {[%clk 00:12:54]} {[%emt 00:00:05]} 28. Bd3
{[%clk 00:00:49]} {[%emt 00:00:23]} Bb8 {[%clk 00:11:32]} {[%emt 00:01:52]} 29.
Rb1 {[%clk 00:00:32]} {[%emt 00:00:47]} Ka7 {[%clk 00:10:26]} {[%emt 00:01:36]}
30. Bc3 {[%clk 00:00:35]} {[%emt 00:00:28]} h4 {[%clk 00:07:21]} {[%emt
00:03:34]} 31. Qb2 {[%clk 00:00:48]} {[%emt 00:00:19]} Bc7 {[%clk 00:05:07]}
{[%emt 00:02:42]} 32. Nd2 {[%clk 00:00:59]} {[%emt 00:00:19]} Bc6 {[%clk
00:04:45]} {[%emt 00:00:53]} 33. f4 {[%clk 00:00:36]} {[%emt 00:00:54]} Qd8
{[%clk 00:02:31]} {[%emt 00:02:43]} 34. Nf3 {[%clk 00:00:37]} {[%emt 00:00:29]}
Qe7 {[%clk 00:00:36]} {[%emt 00:02:27]} 35. Bb4 {[%clk 00:00:34]} {[%emt
00:00:31]} Qd8 {[%clk 00:00:46]} {[%emt 00:00:20]} 36. Qc2 {[%clk 00:00:33]}
{[%emt 00:00:32]} Ba8 {[%clk 00:00:54]} {[%emt 00:00:21]} 37. Rc1 {[%clk
00:00:55]} {[%emt 00:00:08]} Bb8 {[%clk 00:01:15]} {[%emt 00:00:09]} 38. Bb5
{[%clk 00:00:42]} {[%emt 00:00:43]} fxe5 {[%clk 00:01:29]} {[%emt 00:00:16]} 39.
dxe5 {[%clk 00:00:38]} {[%emt 00:00:34]} d4 {[%clk 00:01:37]} {[%emt 00:00:23]}
40. Qd3 {[%clk 00:00:31]} {[%emt 00:00:38]} g5 {[%clk 00:01:19]} {[%emt
00:00:46]} 41. Nxd4 {[%clk 00:00:32]} {[%emt 00:00:29]} Qd5 {[%clk 00:01:28]}
{[%emt 00:00:21]} 42. Bc6 {[%clk 00:00:36]} {[%emt 00:00:25]} Bxc6 {[%clk
00:01:33]} {[%emt 00:00:26]} 43. Nxc6+ {[%clk 00:01:01]} {[%emt 00:00:05]} Ka8
{[%clk 00:01:54]} {[%emt 00:00:11]} 44. Qxd5 {[%clk 00:01:05]} {[%emt
00:00:25]} exd5 {[%clk 00:02:18]} {[%emt 00:00:05]} 45. f5 {[%clk 00:00:57]}
{[%emt 00:00:37]} 1-0

[Event "25th 4NCL Congress"]
[Site "Leamington Spa, United Kingdom"]
[Date "2021.07.11"]
[Round "5.14"]
[White "Starley, Robert"]
[Black "Merriman, James"]
[Result "1-0"]
[TimeControl "All moves in 90 minutes + 30 seconds per move"]
[WhiteElo "2084"]
[BlackElo "1828"]

1. e4 {[%clk 01:30:58]} e6 {[%clk 01:30:55]} {[%emt 00:00:05]} 2. d4 {[%clk
01:31:24]} {[%emt 00:00:04]} d5 {[%clk 01:31:21]} {[%emt 00:00:04]} 3. e5
{[%clk 01:31:51]} {[%emt 00:00:04]} c5 {[%clk 01:31:46]} {[%emt 00:00:04]} 4.
c3 {[%clk 01:32:19]} {[%emt 00:00:03]} Qb6 {[%clk 01:32:09]} {[%emt 00:00:06]}
5. Nf3 {[%clk 01:32:44]} {[%emt 00:00:05]} Nc6 {[%clk 01:32:34]} {[%emt
00:00:05]} 6. Be2 {[%clk 01:33:06]} {[%emt 00:00:08]} cxd4 {[%clk 01:32:18]}
{[%emt 00:00:46]} 7. cxd4 {[%clk 01:33:27]} {[%emt 00:00:09]} Nge7 {[%clk
01:32:38]} {[%emt 00:00:10]} 8. Nc3 {[%clk 01:33:05]} {[%emt 00:00:53]} Nf5
{[%clk 01:32:37]} {[%emt 00:00:29]} 9. Na4 {[%clk 01:32:40]} {[%emt 00:00:57]}
Qa5+ {[%clk 01:31:39]} {[%emt 00:01:25]} 10. Bd2 {[%clk 01:30:30]} {[%emt
00:02:42]} Bb4 {[%clk 01:31:56]} {[%emt 00:00:11]} 11. Bc3 {[%clk 01:30:12]}
{[%emt 00:00:49]} Bxc3+ {[%clk 01:30:35]} {[%emt 00:01:51]} 12. Nxc3 {[%clk
01:29:51]} {[%emt 00:00:52]} Qb6 {[%clk 01:29:32]} {[%emt 00:01:33]} 13. Bb5
{[%clk 01:25:16]} {[%emt 00:05:05]} O-O {[%clk 01:28:49]} {[%emt 00:01:13]} 14.
Bxc6 {[%clk 01:24:53]} {[%emt 00:00:54]} bxc6 {[%clk 01:29:10]} {[%emt
00:00:08]} 15. Qd2 {[%clk 01:25:12]} {[%emt 00:00:11]} Ba6 {[%clk 01:28:56]}
{[%emt 00:00:42]} 16. Na4 {[%clk 01:24:47]} {[%emt 00:00:56]} Qb5 {[%clk
01:22:55]} {[%emt 00:06:31]} 17. b3 {[%clk 01:23:34]} {[%emt 00:01:44]} f6
{[%clk 01:17:42]} {[%emt 00:05:41]} 18. Rc1 {[%clk 01:22:50]} {[%emt 00:01:16]}
fxe5 {[%clk 01:14:59]} {[%emt 00:03:13]} 19. Rc5 {[%clk 01:22:12]} {[%emt
00:01:07]} Qb7 {[%clk 01:12:43]} {[%emt 00:02:44]} 20. Nxe5 {[%clk 01:21:56]}
{[%emt 00:00:49]} Rac8 {[%clk 01:02:57]} {[%emt 00:10:15]} 21. Ra5 {[%clk
01:21:54]} {[%emt 00:00:33]} Bb5 {[%clk 00:59:38]} {[%emt 00:03:49]} 22. Nc5
{[%clk 01:21:39]} {[%emt 00:00:44]} Qe7 {[%clk 00:53:30]} {[%emt 00:06:35]} 23.
a4 {[%clk 01:19:39]} {[%emt 00:02:34]} Be2 {[%clk 00:50:36]} {[%emt 00:03:23]}
24. Kxe2 {[%clk 01:18:27]} {[%emt 00:01:42]} Qh4 {[%clk 00:48:39]} {[%emt
00:02:25]} 25. Nf3 {[%clk 01:15:28]} {[%emt 00:03:31]} Qg4 {[%clk 00:48:18]}
{[%emt 00:00:47]} 26. Kf1 {[%clk 01:15:12]} {[%emt 00:00:50]} Rf6 {[%clk
00:40:01]} {[%emt 00:08:45]} 27. h3 {[%clk 01:13:29]} {[%emt 00:02:16]} Ng3+
{[%clk 00:36:54]} {[%emt 00:03:35]} 28. Kg1 {[%clk 01:10:10]} {[%emt 00:03:50]}
Qg6 {[%clk 00:37:07]} {[%emt 00:00:14]} 29. fxg3 {[%clk 01:10:05]} {[%emt
00:00:39]} Rxf3 {[%clk 00:37:28]} {[%emt 00:00:07]} 30. Qe2 {[%clk 01:07:09]}
{[%emt 00:03:27]} Rf6 {[%clk 00:35:40]} {[%emt 00:02:16]} 31. Kh2 {[%clk
01:07:14]} {[%emt 00:00:28]} Rcf8 {[%clk 00:35:19]} {[%emt 00:00:48]} 32. Nd7
{[%clk 01:06:47]} {[%emt 00:01:00]} Rf2 {[%clk 00:34:46]} {[%emt 00:01:03]} 33.
Nxf8 {[%clk 01:06:50]} {[%emt 00:00:27]} Qf5 {[%clk 00:34:51]} {[%emt
00:00:21]} 34. Qxe6+ {[%clk 01:07:09]} {[%emt 00:00:17]} 1-0

[Event "25th 4NCL Congress"]
[Site "Leamington Spa, United Kingdom"]
[Date "2021.07.11"]
[Round "5.15"]
[White "Hurney, Kevin"]
[Black "Kesterson, Kennan"]
[Result "0-1"]
[TimeControl "All moves in 90 minutes + 30 seconds per move"]
[WhiteElo "1966"]
[BlackElo "1801"]

1. e4 {[%clk 01:30:55]} {[%emt 00:00:04]} e6 {[%clk 01:30:55]} {[%emt
00:00:06]} 2. Qe2 {[%clk 01:31:16]} {[%emt 00:00:08]} c5 {[%clk 01:31:22]}
{[%emt 00:00:04]} 3. c3 {[%clk 01:31:30]} {[%emt 00:00:16]} Nc6 {[%clk
01:31:40]} {[%emt 00:00:13]} 4. Nf3 {[%clk 01:31:49]} {[%emt 00:00:10]} d5
{[%clk 01:31:49]} {[%emt 00:00:21]} 5. exd5 {[%clk 01:31:50]} {[%emt 00:00:29]}
Qxd5 {[%clk 01:32:13]} {[%emt 00:00:06]} 6. g3 {[%clk 01:28:00]} {[%emt
00:04:20]} Be7 {[%clk 01:29:43]} {[%emt 00:03:00]} 7. Bg2 {[%clk 01:28:05]}
{[%emt 00:00:25]} e5 {[%clk 01:28:18]} {[%emt 00:01:56]} 8. O-O {[%clk
01:22:57]} {[%emt 00:05:38]} e4 {[%clk 01:27:02]} {[%emt 00:01:46]} 9. Ne1
{[%clk 01:23:06]} {[%emt 00:00:20]} Bf5 {[%clk 01:24:52]} {[%emt 00:02:40]} 10.
f3 {[%clk 01:19:32]} {[%emt 00:04:03]} exf3 {[%clk 01:19:29]} {[%emt 00:05:54]}
11. Bxf3 {[%clk 01:17:44]} {[%emt 00:02:16]} Qe6 {[%clk 01:18:17]} {[%emt
00:01:44]} 12. Na3 {[%clk 01:06:11]} {[%emt 00:12:03]} Nf6 {[%clk 01:15:26]}
{[%emt 00:03:21]} 13. Qxe6 {[%clk 00:57:27]} {[%emt 00:09:14]} Bxe6 {[%clk
01:15:41]} {[%emt 00:00:15]} 14. d4 {[%clk 00:55:35]} {[%emt 00:02:21]} cxd4
{[%clk 01:08:03]} {[%emt 00:08:10]} 15. Nb5 {[%clk 00:48:04]} {[%emt 00:07:59]}
Bc4 {[%clk 01:01:48]} {[%emt 00:06:46]} 16. Nc7+ {[%clk 00:47:59]} {[%emt
00:00:35]} Kd7 {[%clk 01:02:14]} {[%emt 00:00:04]} 17. Nxa8 {[%clk 00:48:05]}
{[%emt 00:00:25]} Bxf1 {[%clk 00:59:41]} {[%emt 00:03:03]} 18. Kxf1 {[%clk
00:47:28]} {[%emt 00:01:07]} Rxa8 {[%clk 00:52:49]} {[%emt 00:07:22]} 19. cxd4
{[%clk 00:47:23]} {[%emt 00:00:35]} Nxd4 {[%clk 00:45:36]} {[%emt 00:07:43]} 20.
Bxb7 {[%clk 00:46:39]} {[%emt 00:01:14]} Rb8 {[%clk 00:45:35]} {[%emt
00:00:30]} 21. Bg2 {[%clk 00:46:56]} {[%emt 00:00:12]} Bb4 {[%clk 00:29:37]}
{[%emt 00:16:30]} 22. Rb1 {[%clk 00:46:32]} {[%emt 00:00:53]} Re8 {[%clk
00:18:29]} {[%emt 00:11:38]} 23. Nd3 {[%clk 00:44:14]} {[%emt 00:02:48]} Bd6
{[%clk 00:18:29]} {[%emt 00:00:31]} 24. Bf4 {[%clk 00:43:48]} {[%emt 00:00:55]}
Ng4 {[%clk 00:17:56]} {[%emt 00:01:04]} 25. Bh3 {[%clk 00:42:20]} {[%emt
00:01:57]} f5 {[%clk 00:17:44]} {[%emt 00:00:42]} 26. Bxg4 {[%clk 00:40:50]}
{[%emt 00:02:00]} fxg4 {[%clk 00:18:04]} {[%emt 00:00:11]} 27. Rd1 {[%clk
00:39:14]} {[%emt 00:02:04]} Nf5 {[%clk 00:13:34]} {[%emt 00:05:01]} 28. Kf2
{[%clk 00:34:30]} {[%emt 00:05:14]} Kc6 {[%clk 00:11:07]} {[%emt 00:02:58]} 29.
Bxd6 {[%clk 00:27:29]} {[%emt 00:07:30]} Nxd6 {[%clk 00:08:05]} {[%emt
00:03:32]} 30. Rc1+ {[%clk 00:22:00]} {[%emt 00:05:59]} Kb6 {[%clk 00:07:14]}
{[%emt 00:01:21]} 31. Nf4 {[%clk 00:22:07]} {[%emt 00:00:22]} Ne4+ {[%clk
00:06:39]} {[%emt 00:01:05]} 32. Kg1 {[%clk 00:21:14]} {[%emt 00:01:23]} Nf6
{[%clk 00:06:21]} {[%emt 00:00:49]} 33. Kf1 {[%clk 00:19:08]} {[%emt 00:02:35]}
Re7 {[%clk 00:05:01]} {[%emt 00:01:51]} 34. Rc4 {[%clk 00:16:16]} {[%emt
00:03:22]} Re5 {[%clk 00:03:40]} {[%emt 00:01:50]} 35. a3 {[%clk 00:09:44]}
{[%emt 00:07:03]} a5 {[%clk 00:03:37]} {[%emt 00:00:34]} 36. Nd3 {[%clk
00:09:37]} {[%emt 00:00:35]} Rh5 {[%clk 00:03:21]} {[%emt 00:00:46]} 37. Kg1
{[%clk 00:09:19]} {[%emt 00:00:48]} Rd5 {[%clk 00:03:24]} {[%emt 00:00:27]} 38.
Nf2 {[%clk 00:08:02]} {[%emt 00:01:46]} Rd2 {[%clk 00:03:31]} {[%emt 00:00:23]}
39. b4 {[%clk 00:06:58]} {[%emt 00:01:35]} a4 {[%clk 00:03:53]} {[%emt
00:00:09]} 40. Kf1 {[%clk 00:05:43]} {[%emt 00:01:44]} Ra2 {[%clk 00:04:10]}
{[%emt 00:00:13]} 41. Rc3 {[%clk 00:06:07]} {[%emt 00:00:06]} Rxf2+ {[%clk
00:04:37]} {[%emt 00:00:03]} 0-1

[Event "25th 4NCL Congress"]
[Site "Leamington Spa, United Kingdom"]
[Date "2021.07.11"]
[Round "5.16"]
[White "Faulkner, Martin J"]
[Black "Stubbs, Oliver"]
[Result "1-0"]
[TimeControl "All moves in 90 minutes + 30 seconds per move"]
[WhiteElo "1892"]
[BlackElo "1905"]

1. c4 {[%clk 01:30:57]} {[%emt 00:00:02]} Nf6 {[%clk 01:30:56]} {[%emt
00:00:04]} 2. Nc3 {[%clk 01:31:24]} {[%emt 00:00:04]} g6 {[%clk 01:31:22]}
{[%emt 00:00:04]} 3. g3 {[%clk 01:31:48]} {[%emt 00:00:07]} d5 {[%clk
01:28:31]} {[%emt 00:03:21]} 4. cxd5 {[%clk 01:32:11]} {[%emt 00:00:06]} Nxd5
{[%clk 01:28:54]} {[%emt 00:00:07]} 5. Bg2 {[%clk 01:32:38]} {[%emt 00:00:03]}
Nb6 {[%clk 01:29:19]} {[%emt 00:00:05]} 6. d3 {[%clk 01:31:06]} {[%emt
00:02:02]} Bg7 {[%clk 01:29:18]} {[%emt 00:00:30]} 7. Be3 {[%clk 01:30:39]}
{[%emt 00:00:57]} Nc6 {[%clk 01:28:57]} {[%emt 00:00:51]} 8. Qd2 {[%clk
01:30:54]} {[%emt 00:00:15]} Nd4 {[%clk 01:27:18]} {[%emt 00:02:10]} 9. O-O-O
{[%clk 01:28:27]} {[%emt 00:02:56]} c6 {[%clk 01:14:57]} {[%emt 00:12:51]} 10.
Bh6 {[%clk 01:26:55]} {[%emt 00:02:01]} Bxh6 {[%clk 01:14:08]} {[%emt
00:01:19]} 11. Qxh6 {[%clk 01:27:20]} {[%emt 00:00:05]} Nf5 {[%clk 01:14:10]}
{[%emt 00:00:29]} 12. Qd2 {[%clk 01:21:49]} {[%emt 00:06:00]} Be6 {[%clk
01:09:35]} {[%emt 00:05:06]} 13. Kb1 {[%clk 01:20:27]} {[%emt 00:01:52]} a5
{[%clk 00:54:07]} {[%emt 00:15:59]} 14. Nh3 {[%clk 01:15:03]} {[%emt 00:05:52]}
f6 {[%clk 00:42:46]} {[%emt 00:11:52]} 15. e3 {[%clk 01:09:23]} {[%emt
00:06:10]} Bf7 {[%clk 00:40:51]} {[%emt 00:02:25]} 16. f4 {[%clk 01:06:42]}
{[%emt 00:03:11]} a4 {[%clk 00:33:55]} {[%emt 00:07:26]} 17. Rhe1 {[%clk
00:58:54]} {[%emt 00:08:18]} a3 {[%clk 00:31:37]} {[%emt 00:02:49]} 18. b3
{[%clk 00:59:15]} {[%emt 00:00:08]} O-O {[%clk 00:28:07]} {[%emt 00:04:00]} 19.
g4 {[%clk 00:58:42]} {[%emt 00:01:03]} Nd6 {[%clk 00:26:01]} {[%emt 00:02:37]}
20. e4 {[%clk 00:58:27]} {[%emt 00:00:45]} e5 {[%clk 00:16:23]} {[%emt
00:10:08]} 21. f5 {[%clk 00:55:52]} {[%emt 00:03:04]} Ra5 {[%clk 00:16:02]}
{[%emt 00:00:51]} 22. Ka1 {[%clk 00:51:55]} {[%emt 00:04:27]} Nb5 {[%clk
00:13:06]} {[%emt 00:03:27]} 23. Nxb5 {[%clk 00:42:13]} {[%emt 00:10:13]} Rxb5
{[%clk 00:13:26]} {[%emt 00:00:10]} 24. Qc3 {[%clk 00:31:10]} {[%emt 00:11:33]}
Qd6 {[%clk 00:10:34]} {[%emt 00:03:22]} 25. Rc1 {[%clk 00:26:22]} {[%emt
00:05:18]} Nd7 {[%clk 00:09:51]} {[%emt 00:01:13]} 26. Bf1 {[%clk 00:19:49]}
{[%emt 00:07:03]} Rc5 {[%clk 00:10:05]} {[%emt 00:00:16]} 27. Qd2 {[%clk
00:19:45]} {[%emt 00:00:34]} Qd4+ {[%clk 00:10:18]} {[%emt 00:00:17]} 28. Kb1
{[%clk 00:20:01]} {[%emt 00:00:14]} Ra8 {[%clk 00:08:54]} {[%emt 00:01:53]} 29.
Qf2 {[%clk 00:18:18]} {[%emt 00:02:13]} Qb4 {[%clk 00:08:57]} {[%emt 00:00:27]}
30. Rc4 {[%clk 00:13:47]} {[%emt 00:05:01]} Bxc4 {[%clk 00:06:37]} {[%emt
00:02:51]} 31. dxc4 {[%clk 00:14:11]} {[%emt 00:00:05]} Nb6 {[%clk 00:06:05]}
{[%emt 00:01:02]} 32. Rc1 {[%clk 00:11:14]} {[%emt 00:03:26]} g5 {[%clk
00:04:26]} {[%emt 00:02:09]} 33. Qe3 {[%clk 00:10:06]} {[%emt 00:01:38]} Rd8
{[%clk 00:03:06]} {[%emt 00:01:51]} 34. Bd3 {[%clk 00:06:55]} {[%emt 00:03:41]}
h6 {[%clk 00:03:15]} {[%emt 00:00:21]} 35. Nf2 {[%clk 00:07:21]} {[%emt
00:00:04]} Ra5 {[%clk 00:02:55]} {[%emt 00:00:50]} 36. c5 {[%clk 00:06:41]}
{[%emt 00:01:10]} Nd7 {[%clk 00:01:53]} {[%emt 00:01:32]} 37. Rc4 {[%clk
00:07:02]} {[%emt 00:00:09]} Qb5 {[%clk 00:02:04]} {[%emt 00:00:20]} 38. Rc1
{[%clk 00:05:05]} {[%emt 00:02:27]} Qb4 {[%clk 00:01:21]} {[%emt 00:01:12]} 39.
Bc4+ {[%clk 00:05:26]} {[%emt 00:00:09]} Kg7 {[%clk 00:01:40]} {[%emt
00:00:11]} 40. Nd3 {[%clk 00:05:52]} {[%emt 00:00:04]} Qxc5 {[%clk 00:00:38]}
{[%emt 00:01:32]} 41. Nxc5 {[%clk 00:06:18]} {[%emt 00:00:05]} Rxc5 {[%clk
00:00:54]} {[%emt 00:00:14]} 42. b4 {[%clk 00:06:33]} {[%emt 00:00:16]} Rxc4
{[%clk 00:01:12]} {[%emt 00:00:11]} 43. Rxc4 {[%emt 00:00:16]} Nf8 {[%clk
00:01:26]} {[%emt 00:00:03]} 1-0